Najdrożsi piłkarze na świecie - Statystyki

Ogólne statystyki
  • Ten quiz został rozwiązany 47 razy
  • Średni wynik to 41 z 100
Statystyki odpowiedzi
Hint Odpowiedź % Poprawnych
200 Mbappe
90%
200 Yamal
88%
160 Bellingham
78%
200 Haaland
78%
150 Vini
78%
140 Pedri
76%
60 Rodrygo
76%
80 Raphinha
66%
130 Saka
66%
110 Wirtz
63%
100 Alvarez
61%
65 Kane
59%
85 Martinez
59%
130 Musiala
59%
130 Olise
59%
80 Foden
56%
65 Kounde
56%
60 Olmo
56%
75 Tchouameni
56%
60 Balde
54%
100 Dembele
54%
85 Fernandez
54%
120 Isak
54%
120 Palmer
54%
75 Rodri
54%
90 Saliba
54%
120 Valverde
54%
110 Vitinha
54%
80 Cubarsi
51%
90 Doue
51%
90 Guler
51%
70 Gyokeres
51%
80 Hakimi
51%
75 Mendes
51%
120 Rice
51%
75 Odegaard
49%
110 Caicedo
46%
70 Gvardiol
46%
70 Huijsen
46%
70 Cunha
44%
60 Dias
44%
75 Gabriel
44%
70 Leao
44%
70 Lopez
44%
75 Mbeumo
44%
85 Szoboszlai
44%
70 Barcola
41%
80 Bastoni
41%
85 Ekitike
41%
90 Kvaratskhelia
41%
70 Diaz
39%
60 Sesko
39%
60 Williams
39%
90 Gravenberch
37%
85 Mac allister
37%
110 Neves
37%
70 Pacho
37%
60 Barella
34%
60 Carreras
34%
75 Osimhen
34%
65 Pedro
34%
70 Rogers
34%
65 Doku
32%
65 Eze
32%
70 Gakpo
32%
75 Guimaraes
32%
65 Marmoush
32%
65 Van de ven
32%
70 Woltemade
32%
75 Yildiz
32%
75 Zubimendi
32%
60 Adeyemi
29%
55 Havertz
29%
65 Semenyo
29%
60 Thuram
29%
70 Timber
29%
55 Yoro
29%
70 Arnold
27%
60 Karl
27%
70 Upamecano
27%
60 Gordon
24%
55 Kudus
24%
60 Neto
24%
60 Simons
24%
55 Baena
22%
80 Estevao
22%
65 Pavlovic
22%
65 Paz
22%
60 Pulisic
22%
55 Schlotterbeck
22%
60 Barrios
20%
55 Guehi
20%
65 Reijnders
20%
60 Romero
20%
75 Tonali
20%
65 Gibbs white
17%
60 Wharton
15%
60 Anderson
12%
55 Murillo
10%
60 Baleba
7%
Nie znaleziono quizów pasujących do podanych kryteriów
Rozkład punktacji
Procent ludzi z każdym wynikiem
Percentyl według liczby udzielonych odpowiedzi
Twoja historia wyników
Nie rozwiązałeś tego quizu